000 00243nam a22001097a 4500
082 _a823
_bORI/S
100 _aORIENT LONGMAN
245 _aTHE SLOTH
260 _aHYDERABAD
_bORIENT LONGMAN
_c1992
650 _aPASSAGE LEAFLET
_zINDIA
942 _cBK
999 _c4123
_d4123